Normal view
MARC view
- اللغة العربية - قواعد الاملاء والهجاء
Entry Topical Term
001 - CONTROL NUMBER
- control field: 9497
003 - CONTROL NUMBER IDENTIFIER
- control field: JO-AjAnu
005 - DATE AND TIME OF LATEST TRANSACTION
- control field: 20230606071828.0
008 - FIXED-LENGTH DATA ELEMENTS
- fixed length control field: 230606|| aca||aabn | a|a d
040 ## - CATALOGING SOURCE
- Original cataloging agency: JO-AjAnu
- Transcribing agency: JO-AjAnu
150 ## - HEADING--TOPICAL TERM
- Topical term or geographic name entry element: اللغة العربية - قواعد الاملاء والهجاء
670 ## - SOURCE DATA FOUND
- Source citation: Work cat.: (JO-AjAnu)4899: تاليف معروف، نايف محمود, author 9496, تعلم الأملاء وتعليمه في اللغة العربية